=LDR 00000nam 2200000 4500 =001 INLIS000000000000056 =005 20150113143309.0 =006 =007 =008 Ind =035 ##$$0010-061300000000056 =041 ##$$a Ind =082 ##$$a 910.7 =090 ##$$a 910.7 Ruh p =100 ##$$a Ruhimat, Mamat =245 ##$$a Penuntun belajar geografi, berdasarkan kurikulum baru GBPP 1994 / Mamat Ruhimat,Bambang Utoyo =260 ##$$aBandung$bGaneca Exact$c[19-?] =300 ##$$a ...jil, : ilus., 28 cm =650 ##$$a Geografi =650 ##$$a Studi dan Pengajaran =700 ##$$a Utoyo,Bambang =850 ##$$a NBPDMAT